Statistics for Films and their lead stars #1

Click here to take the quiz!

General Stats

  • This quiz has been taken 151 times
  • The average score is 10 of 15

Answer Stats

HintAnswer% Correct
Indiana JonesHarrison Ford
95%
WolverineHugh Jackman
89%
Ghost RiderNicholas Cage
77%
Hot FuzzSimon Pegg and Nick Frost
76%
SaltAngelina Jolie
75%
Polar ExpressTom Hanks
75%
BladeWesley Snipes and Ryan Reynolds
74%
Million Dollar BabyClint Eastwood and Morgan Freeman
73%
Chronicles of RiddickVin Diesel
69%
A Knight's TaleHeath Ledger
68%
Uncle BuckJohn Candy
57%
The Green HornetSeth Rogen and Cameron Diaz
48%
Walking TallDwayne Johnson
33%
Kiss of the DragonJet Li
28%
Jonah HexJosh Brolin, John Malkovic and Megan Fox
21%

Score Distribution

Percentile by Number Answered

Percent of People with Each Score

Your Score History

You have not taken this quiz